[Event "ICS rated standard match"]
[Site "204.178.125.65"]
[Date "2000.11.12"]
[Round "?"]
[White "Hossa"]
[Black "BrazilianMaster"]
[Result "0-1"]
[WhiteElo "2329"]
[BlackElo "2673"]
[PlyCount "146"]
[EventDate "2000.??.??"]

1. e4 c5 2. c3 Nf6 3. e5 Nd5 4. d4 cxd4 5. Nf3 e6 6. cxd4 b6 7. Bd3 Qc7 8. O-O
Ba6 9. Bxa6 Nxa6 10. Bd2 Be7 11. Qa4 Nab4 12. Rc1 Qb7 13. Bxb4 Nxb4 14. Nc3 O-O
15. Nb5 a6 16. Nd6 Bxd6 17. exd6 Nd5 18. Rc2 b5 19. Qa3 f6 20. Rd1 b4 21. Qd3
Qb6 22. Nd2 Qxd6 23. Ne4 Qf4 24. Qe2 Rfc8 25. Rxc8+ Rxc8 26. g3 Qc7 27. Qxa6
Qd8 28. Nc5 Ra8 29. Qc4 Qc7 30. Qb3 Qd6 31. a4 bxa3 32. bxa3 Rb8 33. Qd3 Ne7
34. Na6 Rc8 35. Nb4 Nd5 36. Nxd5 Qxd5 37. Rb1 Rc4 38. Rd1 Ra4 39. Qe3 e5 40.
Rd2 e4 41. Rd1 h6 42. Qc3 d6 43. h4 f5 44. Qb2 Kh7 45. Kh2 f4 46. g4 Qe6 47.
Kh3 d5 48. Ra1 Qa6 49. g5 Qe6+ 50. Kh2 Qg4 51. g6+ Qxg6 52. Rg1 Qh5 53. Kh3
Qf3+ 54. Kh2 Ra6 55. Rxg7+ Kxg7 56. Qb7+ Kg6 57. Qxa6+ Kh5 58. Kg1 e3 59. fxe3
Qg3+ 60. Kf1 f3 61. a4 Qg2+ 62. Ke1 f2+ 63. Kd1 f1=Q+ 64. Qxf1 Qxf1+ 65. Kd2
Qa6 66. a5 Qxa5+ 67. Ke2 Qb5+ 68. Kf3 Qb1 69. Kf2 Kg4 70. e4 Qd3 71. exd5 Qd2+
72. Kf1 Kf3 73. d6 Qf2# {Hossa checkmated} 0-1

[Event "ICS Rated blitz match"]
[Site "204.178.125.65"]
[Date "2000.11.12"]
[Round "?"]
[White "Hossa"]
[Black "Valg"]
[Result "1/2-1/2"]
[WhiteElo "2505"]
[BlackElo "2557"]
[PlyCount "136"]
[EventDate "2000.??.??"]

1. d4 Nf6 2. c4 e6 3. Nf3 b6 4. g3 Ba6 5. b3 Bb4+ 6. Bd2 Be7 7. Bg2 c6 8. Bc3
d5 9. Ne5 Nfd7 10. Nxd7 Nxd7 11. O-O O-O 12. Bb2 dxc4 13. bxc4 Bxc4 14. Nd2 Bb5
15. a4 Ba6 16. Bxc6 Rc8 17. Rc1 Bb4 18. Rc2 f6 19. Bb5 Bb7 20. Re1 Rxc2 21.
Qxc2 Qe7 22. e4 Rc8 23. Qd3 Qe8 24. Re2 Qe7 25. Nc4 Rd8 26. Qb3 Nf8 27. Na3 Rc8
28. Nc2 Bd6 29. f4 Qf7 30. f5 exf5 31. Qxf7+ Kxf7 32. exf5 Bf3 33. Rd2 Be4 34.
Ne3 Bb4 35. Bc4+ Rxc4 36. Nxc4 Bxd2 37. Nd6+ Ke7 38. Nxe4 Bb4 39. Nc3 Kd7 40.
Kf2 Bxc3 41. Bxc3 Kc6 42. Kf3 Kd5 43. Ke3 Kc4 44. Kd2 a6 45. Kc2 h5 46. h3 Nd7
47. g4 hxg4 48. hxg4 b5 49. axb5 axb5 50. Kd2 b4 51. Bb2 Nb6 52. Kc2 Nd5 53.
Kd2 b3 54. Ba1 Nb4 55. d5 Nxd5 56. g5 Ne7 57. gxf6 gxf6 58. Bxf6 Nxf5 59. Bb2
Nd4 60. Bc1 Ne6 61. Bb2 Nc5 62. Ba1 Kb4 63. Bb2 Na4 64. Kc1 Nxb2 65. Kxb2 Kc4
66. Kb1 Kc3 67. Kc1 b2+ 68. Kb1 Kb3 {Hossa stalemated} 1/2-1/2

[Event "ICS rated blitz match"]
[Site "204.178.125.65"]
[Date "2000.11.12"]
[Round "?"]
[White "Valg"]
[Black "Hossa"]
[Result "1-0"]
[WhiteElo "2555"]
[BlackElo "2507"]
[PlyCount "115"]
[EventDate "2000.??.??"]

1. e4 c5 2. Nf3 d6 3. d4 cxd4 4. Nxd4 e5 5. Bb5+ Nd7 6. Nf5 a6 7. Bxd7+ Qxd7 8.
Nc3 Qc6 9. Ne3 Nf6 10. Qd3 Be7 11. O-O O-O 12. Ned5 Nxd5 13. Nxd5 Bh4 14. f4
Be6 15. c3 f5 16. c4 fxe4 17. Qxe4 Bxd5 18. cxd5 Qb6+ 19. Qe3 Qxe3+ 20. Bxe3 e4
21. Rac1 Rf5 22. Rfd1 Rf7 23. Rc4 Re8 24. g4 Bf6 25. b4 h5 26. gxh5 Bd8 27. Kg2
Rf5 28. Rc8 Ref8 29. Rb8 R5f7 30. Rc1 Rf5 31. Rxb7 Rxd5 32. Rc4 Re8 33. Rd7 Rd3
34. Kf2 Bh4+ 35. Ke2 Ra3 36. Rc2 Be7 37. f5 a5 38. b5 Bf8 39. b6 Rb8 40. b7 d5
41. Ba7 Rxb7 42. Rxb7 Rh3 43. Rc8 Rxh2+ 44. Ke3 Rxh5 45. Bd4 Rg5 46. Rd7 a4 47.
Rxd5 Rg3+ 48. Kxe4 Rg4+ 49. Ke5 Rg2 50. Rdd8 Kh7 51. Rxf8 Kh6 52. Be3+ Kh5 53.
Kf4 g5+ 54. Kf3 Rf2+ 55. Kxf2 a3 56. Rc7 Kh4 57. Rc4+ g4 58. Rh8# {
Hossa checkmated} 1-0

[Event "ICS rated standard match"]
[Site "204.178.125.65"]
[Date "2000.11.12"]
[Round "?"]
[White "kingkiller2"]
[Black "Hossa"]
[Result "0-1"]
[WhiteElo "2041"]
[BlackElo "2325"]
[PlyCount "44"]
[EventDate "2000.??.??"]

1. e4 c5 2. Nf3 e6 3. d4 cxd4 4. Nxd4 Nc6 5. Nc3 Qc7 6. Ndb5 Qb8 7. Be2 Nf6 8.
O-O a6 9. Na3 b5 10. Bg5 b4 11. Bxf6 gxf6 12. Nc4 bxc3 13. bxc3 Rg8 14. g3 Qc7
15. Rb1 Bb7 16. Re1 Ne5 17. Qd4 Rb8 18. Nd2 Bc5 19. Qa4 Ke7 20. Red1 Bc6 21.
Rxb8 Rxb8 22. Qxa6 Ra8 {kingkiller2 resigns} 0-1

[Event "ICS rated standard match"]
[Site "204.178.125.65"]
[Date "2000.11.12"]
[Round "?"]
[White "Hossa"]
[Black "Interceptor"]
[Result "0-1"]
[WhiteElo "2330"]
[BlackElo "2671"]
[PlyCount "236"]
[EventDate "2000.??.??"]

1. e4 c5 2. Nf3 e6 3. d4 cxd4 4. Nxd4 Nc6 5. Nc3 d6 6. Be3 a6 7. Na4 Nf6 8. Bd3
Ne5 9. Nf3 Qa5+ 10. Nc3 Nfg4 11. Bd2 Qb6 12. O-O Qxb2 13. Rb1 Qa3 14. Rb3 Qc5
15. Na4 Qc7 16. Nb6 Rb8 17. Nxe5 Nxe5 18. Qb1 Bd7 19. Qb2 Bc6 20. Qd4 h6 21.
Ba5 Qe7 22. f4 Nd7 23. Nxd7 Qxd7 24. c4 Qe7 25. Bb6 e5 26. fxe5 dxe5 27. Qe3
Qg5 28. Qf2 f6 29. Bc2 Qg6 30. Rg3 Qf7 31. Qe2 h5 32. Rg5 Be7 33. Rxe5 fxe5 34.
Rxf7 Kxf7 35. Qf3+ Bf6 36. c5 g6 37. Bc7 Rbe8 38. Bb3+ Kg7 39. Qd3 Rhf8 40. Bd6
Be7 41. Bxe5+ Kh7 42. Bd4 Rf4 43. Qg3 Ref8 44. Bg8+ Kh6 45. Be3 Bxc5 46. h3
Bxe3+ 47. Qxe3 Kg7 48. Bd5 Bxd5 49. exd5 R4f7 50. Qe5+ Kh7 51. a3 Rd7 52. g4
hxg4 53. hxg4 Rfd8 54. Kg2 b5 55. g5 Rd6 56. Qe7+ Kg8 57. Qe5 R8d7 58. Qe4 a5
59. Kf3 Kf7 60. Qf4+ Ke8 61. Qe4+ Kd8 62. Kg4 Kc7 63. Kh4 Rd8 64. Qf4 Kb7 65.
Qf7+ R8d7 66. Qe8 b4 67. axb4 axb4 68. Qe2 Kb6 69. Qc4 Ka5 70. Qc5+ Ka4 71. Kg4
Kb3 72. Qe3+ Kc4 73. Qe2+ Kc5 74. Qa2 Re7 75. Qa5+ Kc4 76. Kf4 Red7 77. Qa2+
Kb5 78. Qe2+ Kc5 79. Qa2 Re7 80. Qa5+ Kc4 81. Qa2+ Kb5 82. Qd2 Re8 83. Qd1 Kc5
84. Qa1 Red8 85. Ke3 R8d7 86. Qd4+ Kb5 87. Qd3+ Ka5 88. Kf4 Rd8 89. Kg4 Rc8 90.
Qd4 Kb5 91. Qa7 Rc3 92. Qe7 Kc5 93. Qa7+ Kxd5 94. Qb7+ Rdc6 95. Qf7+ Kd4 96.
Qf2+ Kc4 97. Qf7+ Kb5 98. Qb7+ Ka4 99. Kf4 R3c4+ 100. Ke3 Ka3 101. Qe7 Kb2 102.
Qg7+ Rc3+ 103. Ke2 Re6+ 104. Kf1 b3 105. Qd7 Ree3 106. Qa4 Kb1 107. Qa6 b2 108.
Kf2 Kc1 109. Qf1+ Kc2 110. Qa6 b1=Q 111. Qa4+ Kc1 112. Qf4 Qc2+ 113. Kg1 Qd1+
114. Kg2 Qe2+ 115. Kg1 Qe1+ 116. Qf1 Qxf1+ 117. Kxf1 Rc2 118. Kg1 Re1# {
Hossa checkmated} 0-1

[Event "ICS rated blitz match"]
[Site "204.178.125.65"]
[Date "2000.11.12"]
[Round "?"]
[White "Hossa"]
[Black "Valg"]
[Result "0-1"]
[WhiteElo "2493"]
[BlackElo "2569"]
[PlyCount "104"]
[EventDate "2000.??.??"]

1. e4 e5 2. Nf3 Nc6 3. Bb5 a6 4. Ba4 Nf6 5. O-O Be7 6. Re1 b5 7. Bb3 O-O 8. a4
Bb7 9. d3 d6 10. Nc3 Na5 11. Ba2 b4 12. Ne2 c5 13. Ng3 Rb8 14. Re2 Qd7 15. Nf5
Bd8 16. Bg5 h6 17. Bh4 Re8 18. Nd2 d5 19. f3 c4 20. dxc4 dxe4 21. fxe4 Ng4 22.
Nf3 Qc6 23. Qd6 Bxh4 24. N3xh4 Qxa4 25. Ne7+ Kh8 26. b3 Qa3 27. Nhf5 Rbd8 28.
Qc7 Qxa2 29. Rf1 Nxb3 30. Ng6+ Kg8 31. Nxg7 Rf8 32. Nxf8 Rxf8 33. Nf5 Nd4 34.
Nxd4 exd4 35. Qxb7 d3 36. Ree1 Qxc4 37. cxd3 Qd4+ 38. Kh1 Qe5 39. Qc7 Qxc7 40.
e5 Qc3 41. h4 Nxe5 42. Re3 b3 43. Rg3+ Kh7 44. Kh2 b2 45. Rg1 Qd4 46. Rf1 Rc8
47. Re3 Qxe3 48. Rf3 Nxf3+ 49. Kh3 b1=Q 50. g3 Qh1+ 51. Kg4 h5+ 52. Kxh5 Qg5# {
Hossa checkmated} 0-1

[Event "ICS rated blitz match"]
[Site "204.178.125.65"]
[Date "2000.11.12"]
[Round "?"]
[White "Hossa"]
[Black "Valg"]
[Result "1/2-1/2"]
[WhiteElo "2480"]
[BlackElo "2573"]
[PlyCount "159"]
[EventDate "2000.??.??"]

1. d4 d5 2. c4 e6 3. g3 Nf6 4. cxd5 exd5 5. Bg2 Be7 6. Nf3 O-O 7. O-O c6 8. Bf4
Nh5 9. Bd2 Bf5 10. Qb3 Qc7 11. Ne5 f6 12. Bxd5+ cxd5 13. Qxd5+ Kh8 14. Rc1 Qd8
15. Nf7+ Rxf7 16. Qxf7 Bg6 17. Qc4 f5 18. Bb4 Bxb4 19. Qxb4 Nc6 20. Qxb7 Nxd4
21. Nc3 Rb8 22. Qxa7 Rb6 23. Rd1 Rd6 24. Kh1 Be8 25. Qc5 Bc6+ 26. f3 Bb7 27.
Qa7 Bc6 28. Qf7 Nxe2 29. Kg2 Nxc3 30. Rxd6 Qxd6 31. bxc3 Qd2+ 32. Kh3 Nf6 33.
Rb1 h5 34. Qe6 Bd7 35. Rb8+ Kh7 36. Rd8 f4 37. Rxd7 Nxd7 38. gxf4 Nf6 39. Qf5+
Kg8 40. Qe6+ Kf8 41. Qc8+ Kf7 42. Qc7+ Kg6 43. f5+ Kxf5 44. Qxg7 Qxc3 45. Qb7
Qc4 46. Qb1+ Kf4 47. Qb6 Qc8+ 48. Kg2 Qc2+ 49. Kh3 Qf5+ 50. Kg2 Qg6+ 51. Kh3
Qf5+ 52. Kg2 Qg6+ 53. Kh3 Kxf3 54. Qc6+ Kf4 55. Qc7+ Kf5 56. Qc5+ Ke6 57. Qc4+
Ke5 58. Qc3+ Kd5 59. Qb3+ Kc5 60. Qa3+ Kc6 61. Qa4+ Kb6 62. Qb4+ Kc6 63. Qa4+
Kc5 64. Qa3+ Kb5 65. Qb3+ Ka6 66. Qc4+ Kb6 67. Qb4+ Kc7 68. Kh4 Kc6 69. Qc4+
Kd6 70. Qb4+ Kd5 71. Qb3+ Kd4 72. Qb4+ Kd5 73. Qb3+ Kd4 74. Qb4+ Ke5 75. Qc3+
Ke6 76. Qc4+ Kd7 77. Qb5+ Ke6 78. Qc4+ Ke5 79. Qc3+ Ke6 80. Qc4+ {
Game drawn by repetition} 1/2-1/2

[Event "ICS rated blitz match"]
[Site "204.178.125.65"]
[Date "2000.11.12"]
[Round "?"]
[White "Valg"]
[Black "Hossa"]
[Result "0-1"]
[WhiteElo "2550"]
[BlackElo "2484"]
[PlyCount "142"]
[EventDate "2000.??.??"]

1. d4 Nf6 2. c4 e6 3. Nf3 Bb4+ 4. Bd2 Qe7 5. g3 Nc6 6. Bg2 Bxd2+ 7. Nbxd2 d6 8.
O-O a5 9. e4 e5 10. d5 Nb8 11. Ne1 O-O 12. Nd3 a4 13. h3 Bd7 14. Rc1 a3 15. Rb1
axb2 16. Rxb2 Ba4 17. Qf3 Ra7 18. Rfb1 b6 19. Nf1 Na6 20. Ne3 Rfa8 21. Nf5 Qd8
22. a3 Be8 23. Rb3 Bd7 24. Re1 Nb8 25. Ra1 Ba4 26. Rc3 Nbd7 27. Re1 Nf8 28. Rb1
Ng6 29. Nb4 Nd7 30. Re1 Nc5 31. Qg4 Bd7 32. Ree3 Qf6 33. Qh5 Ne7 34. Nh4 Nc8
35. Rf3 Qe7 36. Nf5 Qf8 37. Rfe3 g6 38. Qg5 f6 39. Qg4 Kh8 40. Rf3 Ne7 41. Rce3
gxf5 42. exf5 Qh6 43. h4 Rxa3 44. Rxa3 Rxa3 45. Rxa3 Qc1+ 46. Bf1 Qxa3 47. Nc2
Qc1 48. Ne3 Qb1 49. Qh5 Kg7 50. Qg4+ Kh6 51. Qf3 Nxf5 52. g4 Nxh4 53. Qxf6+ Ng6
54. Qd8 Qb2 55. Bg2 e4 56. Qxc7 Nd3 57. Nd1 Qc1 58. Qxd7 Qxd1+ 59. Bf1 Ndf4 60.
Qxd6 Qxg4+ 61. Kh2 Qh4+ 62. Kg1 e3 63. fxe3 Qg3+ 64. Kh1 Qf3+ 65. Kg1 Qxe3+ 66.
Kh1 Qf2 67. Bh3 Qf3+ 68. Kg1 Nxh3+ 69. Kh2 Nhf4 70. Qxf4+ Nxf4 71. Kg1 Qg2# {
Valg checkmated} 0-1

[Event "ICS Rated blitz match"]
[Site "204.178.125.65"]
[Date "2000.11.12"]
[Round "?"]
[White "Hossa"]
[Black "Valg"]
[Result "0-1"]
[WhiteElo "2503"]
[BlackElo "2516"]
[PlyCount "152"]
[EventDate "2000.??.??"]

1. e4 e5 2. Nf3 Nc6 3. Bb5 a6 4. Ba4 Nf6 5. O-O Be7 6. Re1 b5 7. Bb3 d6 8. c3
O-O 9. h3 Na5 10. Bc2 c5 11. d3 Nc6 12. Kh1 h6 13. Qe2 Be6 14. Bb3 Bxb3 15.
axb3 Qc7 16. Ra2 Rfe8 17. Ra1 d5 18. exd5 Nxd5 19. Bd2 Bd6 20. Na3 Qd7 21. Nc2
Red8 22. Rf1 Nf6 23. Rfc1 Bc7 24. b4 Qxd3 25. Qxd3 Rxd3 26. bxc5 e4 27. Nce1
Rd5 28. Nd4 Rxc5 29. Nxc6 Rxc6 30. Nc2 Bb6 31. Rf1 Rd8 32. Bc1 a5 33. g3 b4 34.
Nd4 Rc4 35. Ne2 bxc3 36. Nxc3 Nd5 37. Bd2 g5 38. h4 gxh4 39. gxh4 Kh7 40. Nxd5
Rxd5 41. Bc3 Kg6 42. Kg2 a4 43. Rfd1 Rd8 44. Rxd8 Bxd8 45. Rh1 Kf5 46. Bg7 h5
47. Rh3 Kg4 48. Rg3+ Kxh4 49. b3 axb3 50. Rxb3 Rc2 51. Rb8 Bg5 52. Be5 f6 53.
Rb2 Rxb2 54. Bxb2 Kg4 55. Bd4 h4 56. Kg1 h3 57. Ba1 f5 58. Bd4 f4 59. Kh2 f3
60. Kg1 Bf4 61. Bc5 h2+ 62. Kh1 e3 63. Bb6 e2 64. Ba5 Be5 65. Be1 Kh4 66. Bb4
Kh3 67. Bd2 Bd4 68. Be1 Bc5 69. Ba5 Bxf2 70. Be1 Bh4 71. Bf2 Kg4 72. Bg3 f2 73.
Bxf2 Bxf2 74. Kg2 Bg3 75. Kh1 e1=Q+ 76. Kg2 h1=Q# {Hossa checkmated} 0-1

[Event "ICS rated blitz match"]
[Site "204.178.125.65"]
[Date "2000.11.12"]
[Round "?"]
[White "Valg"]
[Black "Hossa"]
[Result "1-0"]
[WhiteElo "2547"]
[BlackElo "2488"]
[PlyCount "189"]
[EventDate "2000.??.??"]

1. e4 e5 2. Nf3 Nc6 3. Bb5 a6 4. Ba4 Nf6 5. O-O Be7 6. Re1 b5 7. Bb3 O-O 8. c3
d6 9. h3 Bb7 10. d4 Re8 11. Ng5 Rf8 12. a4 Na5 13. dxe5 dxe5 14. axb5 Qxd1 15.
Bxd1 axb5 16. Nf3 Nc4 17. Rxa8 Rxa8 18. b3 Bxe4 19. bxc4 Bxb1 20. Rxe5 Bd6 21.
Rxb5 Bd3 22. Nd2 Re8 23. Nf3 Ne4 24. Ra5 Bxc4 25. Bb2 Rb8 26. Bc2 Nxf2 27. Ba3
Bxa3 28. Rxa3 Nd3 29. Ra7 c5 30. Ng5 Re8 31. Nxf7 Re6 32. Ng5 Re1+ 33. Kh2 g6
34. Nxh7 Rf1 35. Rd7 Rf7 36. Bxd3 Kxh7 37. Rxf7+ Bxf7 38. Kg3 Bd5 39. c4 Bc6
40. h4 Kh6 41. Kf2 Kh5 42. g3 Be8 43. Be2+ Kh6 44. Ke3 g5 45. h5 Bf7 46. g4 Kg7
47. Kd2 Kf6 48. Ke3 Kg7 49. Ke4 Kf6 50. Bd3 Bg8 51. Ke3 Kg7 52. Kd2 Be6 53. Be2
Kf6 54. Kd3 Kg7 55. Ke4 Kf6 56. Kf3 Kg7 57. Ke4 Kf6 58. Kf3 Kg7 59. Bd3 Bf7 60.
Kf2 Be6 61. Kf3 Bf7 62. Kf2 Be6 63. Be2 Bg8 64. Kg3 Bf7 65. Kg2 Be6 66. Kf3 Bf7
67. Ke4 Kf6 68. Kd3 Be6 69. Bd1 Bc8 70. Ke3 Be6 71. Be2 Bg8 72. Kd3 Be6 73. Ke3
Bg8 74. Bf1 Be6 75. Kf3 Bf7 76. Kf2 Be6 77. Be2 Bc8 78. Kf3 Be6 79. h6 Kg6 80.
Ke4 Kxh6 81. Ke5 Bf7 82. Kd6 Kg7 83. Kxc5 Kf8 84. Kd6 Kg7 85. c5 Bg6 86. c6 Be4
87. Bc4 Bf3 88. c7 Bxg4 89. Be6 Bf3 90. c8=Q g4 91. Ke5 Bg2 92. Qg8+ Kh6 93.
Bf5 Kh5 94. Qxg4+ Kh6 95. Qg6# {Hossa checkmated} 1-0

[Event "ICS rated blitz match"]
[Site "204.178.125.65"]
[Date "2000.11.12"]
[Round "?"]
[White "Hossa"]
[Black "Valg"]
[Result "1-0"]
[WhiteElo "2475"]
[BlackElo "2541"]
[PlyCount "135"]
[EventDate "2000.??.??"]

1. e4 e5 2. Nf3 Nc6 3. Bb5 a6 4. Ba4 Nf6 5. O-O Be7 6. Re1 b5 7. Bb3 O-O 8. c3
d6 9. h3 Na5 10. Bc2 c5 11. d4 Nd7 12. d5 Nb6 13. b3 f5 14. Be3 fxe4 15. Bxe4
Nd7 16. Bc2 Nb6 17. Na3 Rb8 18. Be4 Bf5 19. Bxf5 Rxf5 20. Qd2 Bf6 21. Qd3 Qd7
22. Qe4 Be7 23. b4 Nbc4 24. Nxc4 Nxc4 25. g4 Rf7 26. bxc5 Qc7 27. Rad1 Rbf8 28.
Nd2 Nxe3 29. cxd6 Bxd6 30. fxe3 Qxc3 31. Re2 Qb2 32. Qb1 Qxb1 33. Rxb1 Rd7 34.
Rd1 g6 35. Ne4 Kg7 36. Rf2 Rxf2 37. Kxf2 Rf7+ 38. Kg3 Rd7 39. Nxd6 Rxd6 40. Kf3
Rd8 41. Ke4 b4 42. Kxe5 Re8+ 43. Kd4 Kf6 44. e4 Ke7 45. Rc1 Rf8 46. Rc7+ Kd8
47. Rxh7 Rf2 48. Rg7 Rxa2 49. Rxg6 b3 50. e5 b2 51. Rb6 Kc7 52. Rb3 Ra4+ 53.
Kc3 Ra3 54. Kxb2 Rxb3+ 55. Kxb3 Kb6 56. e6 Kc7 57. d6+ Kxd6 58. e7 Kxe7 59. Ka4
Kd6 60. h4 Ke5 61. Ka5 Kf4 62. g5 Kf5 63. Kxa6 Kg6 64. Kb6 Kh5 65. Kc6 Kg6 66.
Kd6 Kh5 67. Ke5 Kg6 68. Ke6 {Valg resigns} 1-0

[Event "ICS rated blitz match"]
[Site "204.178.125.65"]
[Date "2000.11.12"]
[Round "?"]
[White "Valg"]
[Black "Hossa"]
[Result "0-1"]
[WhiteElo "2518"]
[BlackElo "2494"]
[PlyCount "122"]
[EventDate "2000.??.??"]

1. e4 c5 2. Nf3 e6 3. d4 cxd4 4. Nxd4 Nc6 5. Nc3 d6 6. Be2 Nf6 7. O-O Be7 8.
Be3 O-O 9. f4 Bd7 10. Nb3 b6 11. Qd2 a6 12. Bf3 Rb8 13. Nd4 Qc7 14. Be2 Ra8 15.
Rad1 Na5 16. Qd3 b5 17. Bd2 b4 18. Nb1 d5 19. exd5 exd5 20. c3 Bc5 21. Rfe1 Nc4
22. Bc1 bxc3 23. Nxc3 Nd6 24. Kf1 Bc8 25. Bf3 Bb7 26. Kg1 Rad8 27. Re3 Nfe4 28.
Nce2 Qe7 29. Bd2 Bb6 30. Bb4 Rfe8 31. Re1 Qh4 32. g3 Qf6 33. g4 Qh4 34. Ng3
Nxg3 35. hxg3 Qxg3+ 36. Kf1 Rxe3 37. Rxe3 Nc4 38. Bc3 Nxe3+ 39. Qxe3 Bc6 40.
Qf2 Bb5+ 41. Be2 Bxe2+ 42. Qxe2 Qxf4+ 43. Qf3 Qc1+ 44. Kg2 Qg5 45. Kh3 Qh6+ 46.
Kg3 Bc7+ 47. Kg2 Qh2+ 48. Kf1 Bb6 49. a3 Rd6 50. Nf5 Re6 51. Bd4 Qd2 52. Be3
Bxe3 53. Qe2 Qc1+ 54. Qe1 Qc4+ 55. Qe2 Qf4+ 56. Kg2 Bg1 57. Qf1 Qxg4+ 58. Ng3
Re3 59. Kxg1 Qxg3+ 60. Kh1 Re4 61. Qxf7+ Kxf7 {Valg resigns} 0-1

[Event "ICS rated standard match"]
[Site "204.178.125.65"]
[Date "2000.11.12"]
[Round "?"]
[White "BrazilianMaster"]
[Black "Hossa"]
[Result "1-0"]
[WhiteElo "2677"]
[BlackElo "2326"]
[PlyCount "93"]
[EventDate "2000.??.??"]

1. e4 c5 2. Nf3 e6 3. d4 cxd4 4. Nxd4 Nc6 5. Nb5 d6 6. c4 Nf6 7. N1c3 a6 8. Na3
Be7 9. Be2 O-O 10. O-O b6 11. Be3 Ne5 12. Qd4 Nfd7 13. f4 Nc6 14. Qd2 Bb7 15.
Rad1 Nc5 16. Nc2 f5 17. exf5 exf5 18. b4 Ne4 19. Nxe4 fxe4 20. Qd5+ Rf7 21. Bg4
Nxb4 22. Qxb7 Nxc2 23. Bc1 Kh8 24. Qxe4 Nb4 25. a3 Na2 26. Bb2 d5 27. Rxd5 Qe8
28. Re5 Bc5+ 29. Kh1 Re7 30. Rxe7 Bxe7 31. Re1 Ra7 32. Bxg7+ Kxg7 33. Qe5+ Kh6
34. Qa1 Qg6 35. Re6 Bxa3 36. Bf5 Qxe6 37. Bxe6 Be7 38. Qe5 Bh4 39. g4 Re7 40.
g5+ Kh5 41. h3 h6 42. Qe2+ Kg6 43. Qe4+ Kg7 44. Qe5+ Kh7 45. Qf5+ Kh8 46. Qf8+
Kh7 47. Qxh6# {Hossa checkmated} 1-0

[Event "ICS rated standard match"]
[Site "204.178.125.65"]
[Date "2000.11.12"]
[Round "?"]
[White "Restrell"]
[Black "Hossa"]
[Result "0-1"]
[WhiteElo "1907"]
[BlackElo "2322"]
[PlyCount "62"]
[EventDate "2000.??.??"]

1. d4 Nf6 2. c4 e6 3. Nc3 Bb4 4. e3 c5 5. Nge2 d5 6. dxc5 O-O 7. Qb3 Bxc5 8.
cxd5 exd5 9. Nf4 d4 10. Ncd5 Nxd5 11. Nxd5 Nc6 12. e4 Kh8 13. Bb5 a6 14. Bd3
Be6 15. O-O Nb4 16. Bc4 b5 17. Bd3 f5 18. f3 fxe4 19. fxe4 Rxf1+ 20. Bxf1 Bxd5
21. exd5 d3+ 22. Kh1 Qh4 23. Bf4 Qxf4 24. Rd1 Rf8 25. g3 Qxf1+ 26. Rxf1 Rxf1+
27. Kg2 Rg1+ 28. Kf3 d2 29. Ke2 d1=Q+ 30. Qxd1 Rxd1 31. Kxd1 Nxa2 {
Restrell resigns} 0-1

[Event "ICS rated blitz match"]
[Site "204.178.125.65"]
[Date "2000.11.12"]
[Round "?"]
[White "Amateur"]
[Black "Hossa"]
[Result "1-0"]
[WhiteElo "2575"]
[BlackElo "2511"]
[PlyCount "187"]
[EventDate "2000.??.??"]

1. d4 Nf6 2. c4 e6 3. Nf3 Bb4+ 4. Bd2 Qe7 5. g3 Nc6 6. Nc3 O-O 7. Bg2 d5 8.
cxd5 exd5 9. O-O Re8 10. Re1 Be6 11. a3 Ba5 12. Rc1 a6 13. Bf4 Ne4 14. b4 Nxc3
15. Rxc3 Bb6 16. Qd3 Qf6 17. Qd2 Bf5 18. Bg5 Qe6 19. Bf4 Qc8 20. Bg5 Bh3 21.
Bxh3 Qxh3 22. Bf4 h6 23. Qa2 Rad8 24. Qd2 Re4 25. e3 Re7 26. Qd1 Rf8 27. Qb3
Rd7 28. Qb1 Re8 29. Qc2 Rde7 30. Rd1 Re6 31. Qe2 f6 32. Kh1 Qg4 33. Rg1 g5 34.
a4 Qh3 35. a5 Nxd4 36. Qd1 Nb5 37. Rc2 Ba7 38. Bxc7 Rc8 39. Qxd5 Rxc7 40. Qd8+
Kf7 41. Rxc7+ Nxc7 42. Qd7+ Kf8 43. Qxc7 Re7 44. Qd8+ Kf7 45. Qa8 Qf5 46. Ne1
Qe4+ 47. Ng2 b6 48. Qh8 bxa5 49. bxa5 Qf5 50. Rc1 Qxf2 51. Qh7+ Ke6 52. Qd3 Kf7
53. Rf1 Qb2 54. Qh7+ Ke6 55. Qg8+ Ke5 56. Qc8 Qe2 57. Qf5+ Kd6 58. Qxf6+ Kd7
59. Rb1 Re6 60. Qf7+ Re7 61. Qd5+ Kc8 62. Qa8+ Kd7 63. Qxa7+ Ke8 64. Qb6 Qd3
65. Re1 h5 66. Qh6 Rf7 67. Qxh5 Qf5 68. e4 Qb5 69. e5 Kf8 70. Qh6+ Ke8 71. Qg6
Kf8 72. h3 Qxa5 73. e6 Qc7 74. exf7 Qxf7 75. Qd6+ Kg8 76. Qd8+ Qf8 77. Re8 Qxe8
78. Qxe8+ Kg7 79. Qe7+ Kg6 80. Qe6+ Kg7 81. Qxa6 Kf7 82. Qh6 Ke7 83. Qxg5+ Kd6
84. Qf6+ Kd5 85. Ne3+ Kc5 86. g4 Kb5 87. Qd6 Ka4 88. h4 Ka5 89. h5 Ka4 90. h6
Kb5 91. h7 Ka4 92. h8=Q Kb3 93. Qb6+ Ka3 94. Qa8# {Hossa checkmated} 1-0

[Event "ICS rated standard match"]
[Site "204.178.125.65"]
[Date "2000.11.12"]
[Round "?"]
[White "Hossa"]
[Black "BrazilianMaster"]
[Result "0-1"]
[WhiteElo "2325"]
[BlackElo "2686"]
[PlyCount "130"]
[EventDate "2000.??.??"]

1. e4 e5 2. Nf3 Nc6 3. Bb5 a6 4. Ba4 Nf6 5. O-O Be7 6. Re1 b5 7. Bb3 O-O 8. c3
d6 9. h3 Na5 10. Bc2 c5 11. d4 Qc7 12. Nbd2 cxd4 13. cxd4 Nc6 14. d5 Nb4 15.
Bb1 a5 16. Re3 Bd7 17. Rc3 Qb7 18. Nf1 Na6 19. Bd2 Nc5 20. Ng3 Rfc8 21. Be3 b4
22. Rxc5 dxc5 23. d6 Bf8 24. Nxe5 Ra6 25. Nxd7 Nxd7 26. Bf4 c4 27. e5 a4 28.
Bf5 a3 29. bxa3 Rxa3 30. Qg4 Ra7 31. Be3 Nxe5 32. d7 Nxg4 33. dxc8=Q Qxc8 34.
Bxc8 Nxe3 35. fxe3 b3 36. Rd1 Rxa2 37. Rf1 c3 38. Bf5 Bc5 39. Kh2 Bd6 40. h4
Rd2 41. Kh3 c2 42. Rc1 Ba3 43. Ra1 g6 44. Rxa3 c1=Q 45. Rxb3 gxf5 46. Rb8+ Kg7
47. Nxf5+ Kf6 48. Ng3 Rd3 49. Rb6+ Ke5 50. Rb5+ Ke6 51. Rb6+ Kd5 52. Rb5+ Kc4
53. Rg5 Qxe3 54. Kh2 Rd4 55. Kh3 Qf4 56. Nf5 Re4 57. Rh5 h6 58. Nd6+ Qxd6 59.
Rf5 Qe6 60. g4 Re3+ 61. Kg2 Qe4+ 62. Kf1 Re1+ 63. Kf2 Re2+ 64. Kg3 Qg2+ 65. Kf4
Qf2# {Hossa checkmated} 0-1

[Event "ICS rated standard match"]
[Site "204.178.125.65"]
[Date "2000.11.12"]
[Round "?"]
[White "Hossa"]
[Black "Tinker"]
[Result "0-1"]
[WhiteElo "2321"]
[BlackElo "2286"]
[PlyCount "144"]
[EventDate "2000.??.??"]

1. e4 c5 2. Nf3 d6 3. d4 cxd4 4. Nxd4 Nf6 5. Nc3 g6 6. Be3 Bg7 7. f3 O-O 8. Bc4
Nc6 9. Bb3 Bd7 10. Nxc6 Bxc6 11. Qd2 b5 12. Bh6 a5 13. O-O Bxh6 14. Qxh6 a4 15.
Bd5 Nxd5 16. exd5 Bb7 17. Rf2 a3 18. bxa3 Qa5 19. Ne4 f6 20. Rd1 Qxa3 21. c3
Rf7 22. Rfd2 Qa7+ 23. Kh1 Qa4 24. Qe3 Qc4 25. a3 Rxa3 26. Qb6 Ba6 27. Qd8+ Kg7
28. Qd7 Qc8 29. Qa7 h6 30. Rc2 b4 31. Qb6 b3 32. Rcc1 Be2 33. Re1 Qa6 34. Qb4
Bd3 35. Red1 Bc2 36. Re1 Ra4 37. Qb8 Rf8 38. Qc7 Qa7 39. Qxa7 Rxa7 40. Nd2 Rb8
41. c4 Kf7 42. g4 Ra2 43. Nb1 Rb4 44. Nc3 Ra7 45. Nb5 Ra8 46. Nd4 Rxc4 47. Nxc2
Rac8 48. Kg1 Rxc2 49. Rb1 b2 50. Rf1 Rd2 51. Rfe1 Rcc2 52. h4 Rxd5 53. Rf1 Rd3
54. Kh1 e5 55. Kg1 Kg7 56. h5 Rdc3 57. Rfd1 Rc1 58. Rxb2 Rxd1+ 59. Kg2 gxh5 60.
gxh5 f5 61. Rf2 Rc4 62. Kg3 Rg1+ 63. Kh2 Rg5 64. Rg2 Kf6 65. Kh3 Rh4+ 66. Kxh4
Rxg2 67. Kh3 Rc2 68. Kg3 f4+ 69. Kg4 Ra2 70. Kh4 Kf5 71. Kh3 Rf2 72. Kh4 Rh2# {
Hossa checkmated} 0-1

[Event "ICS rated blitz match"]
[Site "204.178.125.65"]
[Date "2000.11.12"]
[Round "?"]
[White "Hossa"]
[Black "Tinker"]
[Result "0-1"]
[WhiteElo "2498"]
[BlackElo "2422"]
[PlyCount "68"]
[EventDate "2000.??.??"]

1. e4 c5 2. c3 Nf6 3. e5 Nd5 4. d4 cxd4 5. Nf3 Nc6 6. cxd4 d6 7. Bc4 Nb6 8. Bb5
dxe5 9. Nxe5 Bd7 10. Nxd7 Qxd7 11. Nc3 e6 12. O-O a6 13. Bxc6 Qxc6 14. Qg4 h5
15. Qg5 Rd8 16. Rd1 Rh6 17. Qe5 Rg6 18. d5 Nxd5 19. Nxd5 Rxd5 20. Qb8+ Kd7 21.
Rxd5+ Qxd5 22. g3 Bd6 23. Qh8 Qd1+ 24. Kg2 Rf6 25. Qxg7 Qf3+ 26. Kh3 Qf5+ 27.
Kg2 Qxf2+ 28. Kh3 Qf5+ 29. g4 Qf2 30. Bf4 hxg4+ 31. Qxg4 Rh6+ 32. Qh5 Rxh5+ 33.
Kg4 Rh4+ 34. Kg5 Qxf4# {Hossa checkmated} 0-1

[Event "ICS rated standard match"]
[Site "204.178.125.65"]
[Date "2000.11.12"]
[Round "?"]
[White "WhoDearsWins"]
[Black "Hossa"]
[Result "1-0"]
[WhiteElo "2449"]
[BlackElo "2303"]
[PlyCount "71"]
[EventDate "2000.??.??"]

1. Nf3 d5 2. d4 c6 3. c4 dxc4 4. e3 b5 5. a4 e6 6. axb5 cxb5 7. b3 Nc6 8. bxc4
bxc4 9. Bxc4 Nf6 10. O-O Bb7 11. Qa4 Nd7 12. d5 Nb6 13. dxc6 Nxa4 14. cxb7 Rb8
15. Bb5+ Ke7 16. Rxa4 f6 17. Nd4 Kf7 18. Bc4 Qb6 19. Bxe6+ Ke8 20. Bd5 Qxb1 21.
Rc4 Rd8 22. Rc8 Bd6 23. Nc6 Kd7 24. Nxd8 Rxd8 25. Ba3 Qb6 26. Rd1 Bxa3 27. Bc6+
Ke6 28. Rcxd8 Qxc6 29. b8=Q Qb6 30. Qc8+ Kf7 31. R1d7+ Be7 32. Rxe7+ Kg6 33.
Qg4+ Kh6 34. Qxg7+ Kh5 35. Qxh7+ Kg4 36. Rg8# {Hossa checkmated} 1-0